| 000 | 01335njm a2200301 i 4500 | ||
|---|---|---|---|
| 001 | 4971 | ||
| 003 | ES-MaACL | ||
| 005 | 20250622050152.0 | ||
| 007 | s|r||||||||||| | ||
| 008 | 070905s1984 sp ||| g ||||||||1|nspa d | ||
| 100 | 1 |
_aRuiz, David. _9176794 |
|
| 245 | 1 | 3 |
_aLa revolución de octubre en Asturias _h[Grabación sonora] / _cinterviene David Ruiz . Octubre de 1934 en Cataluña / interviene Ricard Vinyes. |
| 260 |
_aMadrid : _bAteneo de Madrid, _c1984. |
||
| 300 |
_a2 discos (CD-DA) (2 h. 6 min. 1 seg.) ; _c12 cm. |
||
| 490 | 1 | _aLa revolución de octubre de 1934 | |
| 500 | _aDatos basados en la invitación. | ||
| 518 | _aActo organizado por el Ateneo de Madrid en colaboración con la Fundación de Investigaciones Marxistas, grabado en el salón de actos el miércoles, 24 de octubre de 1984, a las 19:30 h. | ||
| 610 | 0 | 4 |
_aAteneo de Madrid- _xActos culturales- _y1984- _vGrabaciones sonoras _91899 |
| 651 | 4 |
_aEspaña- _xHistoria- _y1931-1939, II República. _98283 |
|
| 700 | 1 |
_aVinyes, Ricard. _9115352 |
|
| 710 | 2 |
_aAteneo de Madrid. _91875 |
|
| 710 | 2 |
_aFundación de Investigaciones Marxistas. _94272 |
|
| 830 | 0 |
_aLa revolución de octubre de 1934 _9176795 |
|
| 852 |
_aES-MaACL _jROT 5/5/8 _95088 _cROT |
||
| 852 |
_aES-MaACL _jROT 5/5/9 _9203694 _cROT |
||
| 942 | _2udc | ||
| 999 |
_c4971 _d4971 |
||